000 02592nam a2200301 a 4500
008 110914s1995 ||||||||||||||||| || u
020 _a0838513735
050 _aRT 48.5 Tre
100 _aTreseler, Kathleen Morrison
245 1 0 _aClinical laboratory and diagnostic tests: significance and nursing implications. -- 3rd ed.
_cby Kathleen Morrison Treseler
250 _a3rd ed.
260 _aNorwalk, Connecticut:
_bAppleton & Lange
_c1995
300 _axv, 704p.: ill.
350 _a0.00
650 _aDIAGNOSIS, LABORATORY
650 _aNURSING--HANDBOOKS, MANUALS, ETC
650 _aDIAGNOSIS, LABORATORY--NURSES' INSTRUCTION
995 _aMEDICAL LIBRARY OPEN ACCESS
_D0.00
_e900640
_FCBU-SCHOOL OF MEDICINE LIBRARY (Ndola)
_H1
_I0.00
_jRT 48.5 TRE
_M2
_UAVAILABLE
_WOct 17, 2011
_y900640
_ZMedical Library Open Access Collection
995 _aMEDICAL LIBRARY OPEN ACCESS
_D0.00
_e900644
_FCBU-SCHOOL OF MEDICINE LIBRARY (Ndola)
_H1
_I0.00
_jRT 48.5 TRE
_M6
_UAVAILABLE
_WOct 17, 2011
_y900644
_ZMedical Library Open Access Collection
995 _aMEDICAL LIBRARY OPEN ACCESS
_D0.00
_e900639
_FCBU-SCHOOL OF MEDICINE LIBRARY (Ndola)
_H1
_I0.00
_jRT 48.5 TRE
_M1
_UAVAILABLE
_WOct 17, 2011
_y900639
_ZMedical Library Open Access Collection
995 _aMEDICAL LIBRARY OPEN ACCESS
_D0.00
_e900647
_FCBU-SCHOOL OF MEDICINE LIBRARY (Ndola)
_H1
_I0.00
_jRT 48.5 TRE
_M9
_UAVAILABLE
_WOct 17, 2011
_y900647
_ZMedical Library Open Access Collection
995 _aMEDICAL LIBRARY OPEN ACCESS
_D0.00
_e900646
_FCBU-SCHOOL OF MEDICINE LIBRARY (Ndola)
_H1
_I0.00
_jRT 48.5 TRE
_M8
_UAVAILABLE
_WOct 17, 2011
_y900646
_ZMedical Library Open Access Collection
995 _aMEDICAL LIBRARY OPEN ACCESS
_D0.00
_e900642
_FCBU-SCHOOL OF MEDICINE LIBRARY (Ndola)
_H1
_I0.00
_jRT 48.5 TRE
_M4
_UAVAILABLE
_WOct 17, 2011
_y900642
_ZMedical Library Open Access Collection
995 _aMEDICAL LIBRARY OPEN ACCESS
_D0.00
_e900645
_FCBU-SCHOOL OF MEDICINE LIBRARY (Ndola)
_H1
_I0.00
_jRT 48.5 TRE
_M7
_UAVAILABLE
_WOct 17, 2011
_y900645
_ZMedical Library Open Access Collection
995 _aMEDICAL LIBRARY OPEN ACCESS
_D0.00
_e900643
_FCBU-SCHOOL OF MEDICINE LIBRARY (Ndola)
_H1
_I0.00
_jRT 48.5 TRE
_M5
_UAVAILABLE
_WOct 17, 2011
_y900643
_ZMedical Library Open Access Collection
995 _aMEDICAL LIBRARY OPEN ACCESS
_D0.00
_e900648
_FCBU-SCHOOL OF MEDICINE LIBRARY (Ndola)
_H1
_I0.00
_jRT 48.5 TRE
_M10
_UAVAILABLE
_WOct 17, 2011
_y900648
_ZMedical Library Open Access Collection
995 _aMEDICAL LIBRARY OPEN ACCESS
_D0.00
_e900641
_FCBU-SCHOOL OF MEDICINE LIBRARY (Ndola)
_H1
_I0.00
_jRT 48.5 TRE
_M3
_UAVAILABLE
_WOct 17, 2011
_y900641
_ZMedical Library Open Access Collection
999 _c63996
_d63996